00277nam a2200133Ia 4500008004000000041000800040082001100048100001500059245001700074260001900091650001000110650001100120700001200131210210b1945 xxu||||| |||| 00| 0 eng d aeng a920/41 aPONIKOWSKA aPolish youth aAundhb-c1945 ayouth aPolish aJURKOWA